000 00356nam a2200145Ia 4500
008 240307s9999||||xx |||||||||||||| ||und||
020 _a 9789389354072
082 _a610
_bTri/M
100 _aTripathi,DK
245 0 _aNovel Drug Delivery Systems
250 _a1st Edition
260 _aHyderabad
_bPharmamed Press
_c2023
300 _a312p.
942 _cBK
999 _c43599
_d43599